A WMS rendszerek fejlesztésének szerepe a raktári automatizálásban

Bibliográfiai részletek
Szerző: Vasas Krisztián Gábor
További közreműködők: Kozma Dr. Tímea
Dokumentumtípus: TDK dolgozat
Kulcsszavak:digitalizálás - digitalizáció
ellátási lánc - ellátó hálózat
logisztika
raktárgazdálkodás
raktárkészlet
Online Access:http://dolgozattar.uni-bge.hu/60417

MARC

LEADER 00000nta a2200000 i 4500
001 dolg60417
005 20260416073647.0
008 260416suuuu hu o 000 hun d
040 |a BGE Dolgozattár Repozitórium  |b hun 
041 |a hu 
100 1 |a Vasas Krisztián Gábor 
245 1 2 |a A WMS rendszerek fejlesztésének szerepe a raktári automatizálásban  |c Vasas Krisztián Gábor  |h [elektronikus dokumentum] 
516 |a Students_Scientific_Association_paper 
520 3 |a VASAS KRISZTIÁN GÁBOR Konzulens: 5. aktív félév Dr. Habil Kozma Tímea Gazdálkodási és Menedzsment Egyetemi docens BGE MK BGE MK Az Erp rendszerek fejlesztésének szerepe a raktári automatizálásban A dolgozatom gyakorlati problémafelvetés az lesz, hogy raktárvezetői oldalról megközelítve, hogyan lehet egy integrált raktárirányítási rendszert lefejleszteni, amely egyaránt képes a kék, szürke és fehérgalléros dolgozók munkáját is támogatni. Az Oracle nevű programból, szelektálták ki a legfontosabb funkciókat, az idő-és költséghatékonyság reményében. Napjainkban, a digitalizáció időszakában, ez egyre inkább priorizálásra kerül, a legtöbb cégnél. Szekunder kutatásom során, elsősorban szakirodalmi forrásokat, szakmai prezentációkat, és a cég szerverhálózatán található adatokat dolgoztam fel, valamint elemeztem ki. Primer kutatásom során számos, széleskörű adatokat gyűjtöttem össze, az ERP rendszerekből. A kvantitatív kutatásom során, legfőképpen a számszerű adatokra koncentráltam, azon belül is arra, hogy mennyi időt és költséget sikerült megtakarítani a WLS (Warehouse Logistic System) nevű, saját, cégen belüli fejlesztésű program lefejlesztésével. A kvalitatív kutatásom során, mélyinterjút készítettem a vállalat egyik logisztikai vezetőjével, és az itt dolgozókkal, valamint ezen felül a dolgozatban szereplő programokra, illetve a cég szerverhálózatán található adatokra is koncentráltam. Kutatásom azt eredményezte, hogy maximálisan bebizonyosodott az, hogy egy integrált raktárirányítási rendszer hiánya nélkül napjainkban, nem üzemeltethető hatékonyan egy gyár, fogyóanyag raktára. Sokkal gyorsabb, komfortosabb és költséghatékonyabb lett a raktár üzemeltetése, mióta nem csak az Oracle-ben, és Excel táblázatokban tudnak dolgozni a munkavállalók a napi munkavégzés során, hanem rendelkezésükre áll egy speciálisan erre a célra rendszeresített ERP rendszer, melyet személy szerint én minden raktárban kötelezővé tennék napjainkban, a digitális technológiák térnyerésének időszakában. 
695 |a digitalizálás - digitalizáció 
695 |a ellátási lánc - ellátó hálózat 
695 |a logisztika 
695 |a raktárgazdálkodás 
695 |a raktárkészlet 
700 1 |a Kozma Dr. Tímea  |e ths 
856 4 0 |u http://dolgozattar.uni-bge.hu/60417/1/TDK%20dolgozat%20Vasas%20Kriszti%C3%A1n%20G%C3%A1bor.pdf  |z Dokumentum-elérés 
856 4 0 |u http://dolgozattar.uni-bge.hu/60417/2/TDK%20dolgozat%20Rezume%20Vasas%20Kriszti%C3%A1n%20G%C3%A1bor.docx  |z Dokumentum-elérés 
856 4 0 |u http://dolgozattar.uni-bge.hu/60417/3/TDK%20dolgozat%20Rezume%20Vasas%20Kriszti%C3%A1n%20G%C3%A1bor.pdf  |z Dokumentum-elérés 
856 4 0 |u http://dolgozattar.uni-bge.hu/60417/4/Vasas%20Kriszti%C3%A1n%20G%C3%A1bor.pdf  |z Dokumentum-elérés 
856 4 0 |u http://dolgozattar.uni-bge.hu/60417/5/Vasas-Krisztian-Gabor_TDK-Dolgozat_biralat_2025.pdf  |z Dokumentum-elérés